<?xml version="1.0" encoding="UTF-8"?>
<collection xmlns="http://www.loc.gov/MARC21/slim">
 <record>
  <leader>01359naa a2200193 i 4500</leader>
  <controlfield tag="001">acta59310</controlfield>
  <controlfield tag="005">20260224081030.0</controlfield>
  <controlfield tag="008">190717s2004    hu      o     100   hun d</controlfield>
  <datafield tag="040" ind1=" " ind2=" ">
   <subfield code="a">SZTE Egyetemi Kiadványok Repozitórium</subfield>
   <subfield code="b">hun</subfield>
  </datafield>
  <datafield tag="041" ind1=" " ind2=" ">
   <subfield code="a">hun</subfield>
  </datafield>
  <datafield tag="100" ind1="1" ind2=" ">
   <subfield code="a">Trón Viktor</subfield>
  </datafield>
  <datafield tag="245" ind1="1" ind2="0">
   <subfield code="a">Hunlex - morfológiai szótárkezelő rendszer</subfield>
   <subfield code="h">[elektronikus dokumentum] /</subfield>
   <subfield code="c"> Trón Viktor</subfield>
  </datafield>
  <datafield tag="260" ind1=" " ind2=" ">
   <subfield code="c">2004</subfield>
  </datafield>
  <datafield tag="300" ind1=" " ind2=" ">
   <subfield code="a">177-182</subfield>
  </datafield>
  <datafield tag="490" ind1="0" ind2=" ">
   <subfield code="a">Magyar Számítógépes Nyelvészeti Konferencia</subfield>
   <subfield code="v">2</subfield>
  </datafield>
  <datafield tag="520" ind1="3" ind2=" ">
   <subfield code="a">Cikkünkben a HunLex szótárkezelő és morfológiai erőforrásgeneráló keretrenszert mutatjuk be. A HunLex lehetővé teszi, hogy egy könnyen fenntartható, átlátható de gazdagon specifikálható központi nyelvi adatbázisból kiindulva szószintű elemzőalkalmazások erőforrásait állítsuk elő. A HunLex prototípusa a Szószablya fejlesztés keretében megvalósított HunTools szóelemző eszköztár moduljai számára készít optimalizált nyelvspecifikus erőforrásokat, de elméletileg kész más rendszereket is kiszolgálni. A kimeneti erőforrások számos paraméter mentén igény szerint konfigurálhatók.</subfield>
  </datafield>
  <datafield tag="695" ind1=" " ind2=" ">
   <subfield code="a">Nyelvészet - számítógép alkalmazása</subfield>
  </datafield>
  <datafield tag="710" ind1=" " ind2=" ">
   <subfield code="a">Magyar Számítógépes Nyelvészeti Konferencia (2.) (2004) (Szeged)</subfield>
  </datafield>
  <datafield tag="856" ind1="4" ind2="0">
   <subfield code="u">http://acta.bibl.u-szeged.hu/59310/1/msznykonf_002_177-182.pdf</subfield>
   <subfield code="z">Dokumentum-elérés </subfield>
  </datafield>
 </record>
</collection>
